Estado oligárquico y protesta popular en Chile (1810-1891).
Uloženo v:
| Hlavní autor: | |
|---|---|
| Médium: | Neznámo |
| Jazyk: | španělština |
| Vydáno: |
Santander, España:
América en Movimiento; Ediciones Universidad Cantabria,
2023.
|
| Edice: | Colección Historia,
|
| Témata: | |
| Tagy: |
Přidat tag
Žádné tagy, Buďte první, kdo vytvoří štítek k tomuto záznamu!
|
MARC
| LEADER | 00000 a2200000 4500 | ||
|---|---|---|---|
| 003 | CL-VaPUC | ||
| 005 | 20250103124040.0 | ||
| 008 | 241218t2022 ||||| |||| 00| 0 spa d | ||
| 999 | |c 446180 |d 446178 | ||
| 020 | |a 978-84-19024-18-3 | ||
| 040 | |c Pontificia Universidad Católica de Valparaíso | ||
| 082 | |2 22 |a 322.40983 GOI 2022 | ||
| 100 | |a Goicovic Donoso, Igor |9 814253 |e autora | ||
| 245 | |a Estado oligárquico y protesta popular en Chile (1810-1891). | ||
| 260 | |a Santander, España: |b América en Movimiento; |b Ediciones Universidad Cantabria, |c 2023. | ||
| 300 | |a 198 páginas. | ||
| 490 | |a Colección Historia, |n 151. | ||
| 583 | |k Yessy Díaz Vidal |c 20241218 | ||
| 650 | 0 | |9 862091 |a Movimientos sociales |x Protestas |y Siglo 19 |z Chile | |
| 650 | 0 | |9 314747 |a Oligarquía |v Historia |y Siglo 19 |z Chile | |
| 651 | 0 | |9 254862 |a Chile |x Política y gobierno |y Siglo 19 | |
| 942 | |2 ddc |c BK | ||
| 952 | |0 0 |1 0 |2 ddc |4 0 |6 322_409830000000000_GOI_2022 |7 0 |8 A |9 598737 |a BIBHIS |b BIBHIS |d 2024-12-17 |e 13 |g 27900.00 |i 5663680 |o 322.40983 GOI 2022 |p 5663680 |r 2025-01-20 |t 1 |v 27900.00 |w 2024-12-17 |y BK |k HIS | ||